[Event "EU-ch 22nd"]
[Site "Terme Catez"]
[Date "2022.04.02"]
[Round "7"]
[White "Shevchenko, Matviy"]
[Black "Henseler, Jorgen"]
[Result "1/2-1/2"]
[WhiteElo "1326"]
[BlackElo "2059"]
[PlyCount "93"]
[EventDate "2022.03.27"]
[EventType "swiss"]
[EventRounds "11"]
[EventCountry "SLO"]
[SourceTitle "CBM 208"]
[Source "ChessBase"]
[SourceDate "2022.06.30"]
[SourceVersion "1"]
[SourceVersionDate "2022.06.30"]
[SourceQuality "1"]

1. e4 c5 2. Nc3 a6 3. g3 Nc6 4. Bg2 g6 5. d3 Bg7 6. Be3 d6 7. f4 e6 8. Nf3 Nge7 9. 0-0 0-0 10. Rb1 Nd4 11. Ne2 Nxf3+ 12. Bxf3 Nc6 13. c3 Bd7 14. h4 f5 15. Kh2 Kh8 16. Rh1 e5 17. Kg2 Qe7 18. h5 gxh5 19. Rxh5 Qf7 20. Qh1 Qg6 21. Qh2 Rf7 22. Rh1 Bf6 23. exf5 Bxf5 24. Rh6 Qg7 25. Bd5 Re7 26. Be4 Bxe4+ 27. dxe4 Rg8 28. f5 Nb8 29. Rg6 Qf7 30. Qh6 Nd7 31. g4 Rxg6 32. fxg6 Qg7 33. Qh5 Nf8 34. g5 Nxg6 35. Kf1 Rf7 36. gxf6 Qxf6+ 37. Ke1 Qe6 38. b3 d5 39. exd5 Qxd5 40. Rh2 Qd3 41. Qg5 Rd7 42. Qf6+ Kg8 43. Qe6+ Kh8 44. Qe8+ Kg7 45. Bh6+ Kf6 46. Rf2+ Nf4 47. Bg5+ 1/2-1/2

[Event "EU-ch 22nd"]
[Site "Terme Catez"]
[Date "2022.03.28"]
[Round "2"]
[White "Shevchenko, Matviy"]
[Black "Marn, Jan"]
[Result "0-1"]
[WhiteElo "1326"]
[BlackElo "2232"]
[PlyCount "58"]
[EventDate "2022.03.27"]
[EventType "swiss"]
[EventRounds "11"]
[EventCountry "SLO"]
[SourceTitle "CBM 208"]
[Source "ChessBase"]
[SourceDate "2022.06.30"]
[SourceVersion "1"]
[SourceVersionDate "2022.06.30"]
[SourceQuality "1"]

1. e4 e5 2. Nf3 Nc6 3. Bc4 Bc5 4. c3 Nf6 5. d4 exd4 6. e5 d5 7. Bb5 Ne4 8. cxd4 Bb6 9. Nc3 0-0 10. Be3 f5 11. Qc1 Be6 12. Bxc6 bxc6 13. a3 Qe8 14. Ne2 h6 15. h4 Bc8 16. b4 a5 17. Rb1 axb4 18. axb4 Ba6 19. Nf4 Bb5 20. Ng1 g5 21. hxg5 hxg5 22. Ngh3 gxf4 23. Nxf4 Rf7 24. Ng6 Rh7 25. Nh4 Qh5 26. f3 Qxh4+ 27. Rxh4 Rxh4 28. Bg1 Rh1 29. Qe3 f4 0-1

[Event "Kiev Spring op"]
[Site "Kiev"]
[Date "2021.07.10"]
[Round "1"]
[White "Shevchenko, Matviy"]
[Black "Yeshchenko, Uliana"]
[Result "0-1"]
[WhiteElo "1342"]
[BlackElo "2049"]
[PlyCount "108"]
[EventDate "2021.07.10"]
[EventType "swiss"]
[EventRounds "9"]
[EventCountry "UKR"]
[SourceTitle "EXT 2024"]
[Source "ChessBase"]
[SourceDate "2023.10.10"]
[SourceVersion "1"]
[SourceVersionDate "2023.10.10"]
[SourceQuality "1"]

1. e4 c5 2. f4 d5 3. exd5 Nf6 4. Nc3 Nxd5 5. Nxd5 Qxd5 6. Nf3 e6 7. Bb5+ Bd7 8. Bxd7+ Nxd7 9. 0-0 Be7 10. d3 0-0 11. Be3 Rfd8 12. Qe2 Bf6 13. c3 Nb6 14. Rfd1 Rac8 15. Qc2 Qd6 16. Qd2 Nd5 17. d4 c4 18. Ne5 Re8 19. Qf2 b5 20. a3 Bd8 21. g3 f6 22. Nf3 Bb6 23. Rac1 a5 24. Rc2 Qe7 25. Re2 b4 26. axb4 axb4 27. Bd2 bxc3 28. bxc3 Ba5 29. Rc1 Qd6 30. Qe1 Kf7 31. Qf1 Rb8 32. Ne5+ Kg8 33. Nxc4 Qc7 34. Nxa5 Qxa5 35. c4 Nb4 36. Rb1 Qa4 37. Rxb4 Rxb4 38. Bxb4 Qxb4 39. Rc2 Qb3 40. Qc1 Rb8 41. c5 Qd3 42. Rd2 Qe3+ 43. Kf1 Qe4 44. Rc2 Qh1+ 45. Kf2 Qxh2+ 46. Kf3 Rb3+ 47. Rc3 Rb2 48. Qf1 Qd2 49. Rd3 Qc2 50. Ke3 Rb1 51. Qe2 Qc1+ 52. Kf2 Qg1+ 53. Kf3 Re1 54. Qd2 Qh1+ 0-1

[Event "Elitzur Int Online"]
[Site "Chess.com INT"]
[Date "2020.11.01"]
[Round "2"]
[White "Efremova, Yulia"]
[Black "Shevchenko, Matviy"]
[Result "1/2-1/2"]
[WhiteElo "2128"]
[BlackElo "1332"]
[PlyCount "84"]
[EventDate "2020.11.01"]
[EventType "swiss (blitz)"]
[EventRounds "11"]
[EventCountry "ISR"]
[SourceTitle "CBM 199 Extra"]
[Source "ChessBase"]
[SourceDate "2021.01.31"]
[SourceVersion "1"]
[SourceVersionDate "2021.01.31"]
[SourceQuality "1"]

1. e4 e5 2. Bc4 Bc5 3. Qh5 Qf6 4. Nf3 d6 5. Nc3 c6 6. d3 h6 7. 0-0 b5 8. Bb3 a5 9. a3 g6 10. Qh4 g5 11. Qh5 Ne7 12. Be3 Ba7 13. Rad1 Ng6 14. Ne1 Nf4 15. Bxf4 gxf4 16. Nxb5 cxb5 17. Bd5 Rg8 18. h3 Qg7 19. Bxa8 Nd7 20. Bc6 Kd8 21. Bxd7 Bxd7 22. b4 a4 23. c4 Bd4 24. Qf3 Kc7 25. Nc2 h5 26. Nxd4 exd4 27. cxb5 Bxb5 28. Kh1 Qg5 29. Rg1 Bd7 30. Rc1+ Kd8 31. Rc4 Bg4 32. Rcc1 Bxf3 33. gxf3 Qxg1+ 34. Rxg1 Rxg1+ 35. Kxg1 Kc7 36. Kg2 Kb6 37. Kf1 Kb5 38. Ke1 Kc6 39. h4 Kb5 40. Kd1 Kc6 41. Kc2 Kb5 42. Kb2 Kc6 1/2-1/2

[Event "Elitzur Int Online"]
[Site "Chess.com INT"]
[Date "2020.11.01"]
[Round "3"]
[White "Grineva, Marianna"]
[Black "Shevchenko, Matviy"]
[Result "1-0"]
[WhiteElo "2001"]
[BlackElo "1332"]
[PlyCount "71"]
[EventDate "2020.11.01"]
[EventType "swiss (blitz)"]
[EventRounds "11"]
[EventCountry "ISR"]
[SourceTitle "CBM 199 Extra"]
[Source "ChessBase"]
[SourceDate "2021.01.31"]
[SourceVersion "1"]
[SourceVersionDate "2021.01.31"]
[SourceQuality "1"]

1. e4 e5 2. Nf3 Nc6 3. Bb5 a6 4. Ba4 d6 5. 0-0 Nf6 6. Re1 Be7 7. c3 0-0 8. h3 b5 9. Bc2 Bb7 10. a4 bxa4 11. Rxa4 Re8 12. d4 exd4 13. cxd4 Nd7 14. Nc3 Nb6 15. Ra1 d5 16. e5 Nc4 17. Nh2 Nb4 18. Bb1 Nb6 19. Ne2 c5 20. Ng3 c4 21. Ng4 Nd7 22. Nf5 Bg5 23. f4 Be7 24. Nfe3 Qc7 25. Rf1 a5 26. f5 Nd3 27. f6 Bf8 28. Nf5 g6 29. Nfh6+ Bxh6 30. Nxh6+ Kf8 31. Nf5 Qb6 32. Bh6+ Kg8 33. Qg4 N7xe5 34. Qg5 Bc6 35. Kh1 Ra7 36. Ne7+ 1-0